| 000 | 00786cam a22002413a 4500 | ||
|---|---|---|---|
| 001 | 9874 | ||
| 003 | PGUSA | ||
| 005 | 20140828083217.0 | ||
| 008 | 060201s2006||||xxu|||||s|||||000 | eng d | ||
| 040 |
_aPGUSA _beng |
||
| 042 | _adc | ||
| 050 | 4 | _aD501 | |
| 100 | 1 |
_aDoyle, Arthur Conan, _d1859-1930 |
|
| 245 | 1 | 2 |
_aA Visit to Three Fronts : _bJune 1916 _h[electronic resource] / _cArthur Conan Doyle |
| 260 |
_bProject Gutenberg, _c2006 |
||
| 505 | 0 | _aA glimpse of the British army -- A glimpse of the Italian army -- A glimpse of the French line. | |
| 506 | _aPublic domain in the USA. | ||
| 516 | _aElectronic text | ||
| 653 | _aWorld War, 1914-1918 -- Personal narratives | ||
| 830 | 0 |
_aProject Gutenberg _v9874 |
|
| 856 | 4 | 0 | _uhttp://www.gutenberg.org/ebooks/9874 |
| 942 | _cEB | ||
| 999 |
_c239130 _d239130 |
||